120 WPM Challenge - Statistics

General Stats
  • This quiz has been taken 166 times
  • The average score is 4 of 7
Answer Stats
Hint Answer % Correct
The quick brown fox jumps over the lazy dog
100%
This toe went to the farmer's market
86%
David Beckham plays for a club in Los Angeles
75%
Canada, behind Russia is the second largest country
49%
Behind those is a country below located below Canada
32%
Major League Soccer is the official league of the USA
10%
Stephen King is the author of the book, IT
5%
No matching quizzes found
Score Distribution
Percent of People with Each Score
Percentile by Number Answered
Your Score History
You have not taken this quiz